Guión argumental : guión documental /

Guardado en:
Autor Principal: Feldman, Simón
Formato: Libro
Publicado: Barcelona : Gedisa
Series:Multimedia cine; No. 5
Materias:
Etiquetas: Agregar Etiqueta
Sin Etiquetas, Sea el primero en etiquetar este registro!
LEADER 00821nam a22002415a 4500
001 CEM.cems011779
005 20070702174355.0
008 130507b######################000#0#####d
003 CEMS
020 |a 847432372X 
082 0 4 |a 808.23 
100 1 |a Feldman, Simón 
245 1 0 |a Guión argumental :  |b guión documental /  |c Simón Feldman 
260 |a Barcelona :  |b Gedisa 
300 |a 171 p. 
490 0 |a Multimedia cine; No. 5 
505 0 |a El guión: cinco preguntas -- Objetivos y contenidos -- Estructuras internas -- Formas externas -- La banda de sonido -- Métodos de trabajo -- Informaciones complementarias 
653 |a Multimedia 
653 |a Cine 
653 |a Cine-guión 
653 |a Guión cinematográfico 
653 |a Guión argumental 
859 |a CEMS  |b BIB. CEMS - 11 de abril  |h 808.23  |i F333  |p 22849.05  |t Ej.1